1529 1183 1468 1753 1871 1427 1871 1519 1905 1352 1833 1816 1183 1308 1473 1161 1597 1884 1608 1246 1038 1315 1146 1180 1915 1268 1937 1514 1639 1287 1298 1113 1795 1959 1632 1881 1878 1580 1030 1074 1292 1693 1426 1348 1029 1177 1084 1222 1286 1281 1386 1589 1358 1288 1930 1335 1705 1451 1235 1196 1434 1592 1664 1397 1997 1869 1840 1647 1627 1588 1297 1779 1951 1132 1027 1451 1702 1980 1858 1315 1054 1236 1642 1092 1818 1826 1603 1115 1834 1740 1576 1323 1233 1643 1680 1945 1142 1629 1065 BCNSPRNW ULIB Ver.6.0+V

เปลี่ยนเป็นภาษาไทย

Change to English
 แสดงรายละเอียดบรรณานุกรม
  กลับหน้าหลัก

Brief Record : Get Marc (ISO 2709) : E-mail record : QR code < ปิดหน้าต่าง
LEADER : 00000nam 2200000uu 4500
001    13399110021
003     ULIB
008    110420s2549||||th 000 0 tha d
020    9749664221
060 04 WG106^bส818ส 2549
100 0  สุวรรณ ธีระวรพันธ์
245 10 สรีรวิทยาระบบไหลเวียนโลหิต /^cสุวรรณ ธีระวรพันธ์, วิสุดาสุวิทยาวัฒน์, เพ็ญโฉม พึ่งวิชา
250    พิมพ์ครั้งที่ 6
260    กรุงเทพฯ :^bภาควิชาสรีรวิทยา คณะเภสัชศาสตร์มหาวิทยาลัยมหิดล,^c2549
300    175 หน้า :^bภาพประกอบ ;^c27 ซม.
650  7 เลือด, การไหลเวียน
700 0  วิสุดา สุวิทยาวัฒน์
700 0  เพ็ญโฉม พึ่งวิชา
710 2  มหาวิทยาลัยมหิดล. ^bคณะเภสัชศาสตร์. ^bภาควิชาสรีรวิทยา
945    ^p200^l0^i023099
945    ^p200^l0^i023101
995    ทศพร
999 ^a ใช้งานได้ทุกระบบ
รายการนี้ยังไม่มีแท็ก
คุณยังไม่ได้ล็อกอิน คุณสามารถมีกิจกรรมร่วมกับเว็บไซต์ได้ แต่ต้องล็อกอินก่อน ::
  ล็อกอิน

รายการสื่อสารสนเทศ

ลำดับที่ ประเภท เลขเรียก/บาร์โค้ด สถานที่ สถานะ
- ไม่พบข้อมูล -

รายการใกล้เคียง
    ผู้แต่ง [สุวรรณ ธีระวรพันธ์]

    หัวเรื่อง [เลือด, การไหลเวียน]

BibComment


ยังไม่เคยถูกคอมเมนท์

คอมเมนท์ทรัพยากรรายการนี้
  คอมเมนท์: สรีรวิทยาระบบไหลเ..


 Copyright 2026. Bcnsprnw @Library